Largest Countries Without Protected Land - Statistics

General Stats
  • This quiz has been taken 190 times
  • The average score is 10 of 20
Answer Stats
Land Area Country % Correct
2,699,700 Kazakhstan
75%
1,759,540 Libya
75%
652,230 Afghanistan
67%
1,220,190 Mali
67%
437,367 Iraq
65%
1,025,520 Mauritania
64%
627,337 Somalia
59%
183,630 Syria
56%
527,968 Yemen
54%
769,632 Turkey
53%
579,300 Ukraine
49%
446,300 Morocco
47%
452,860 Papua New Guinea
43%
581,540 Madagascar
41%
743,812 Chile
38%
155,360 Tunisia
31%
231,291 Romania
29%
257,667 Gabon
24%
175,015 Uruguay
24%
156,000 Suriname
21%
No matching quizzes found
Score Distribution
Percent of People with Each Score
Percentile by Number Answered
Your Score History
You have not taken this quiz